Sistema político y campañas electorales

Guardat en:
Dades bibliogràfiques
Format: Llibre
Idioma:espanyol
Publicat: Caracas Conciencia 21 1983
Matèries:
Etiquetes: Afegir etiqueta
Sense etiquetes, Sigues el primer a etiquetar aquest registre!

MARC

LEADER 00000nam a2200000 a 4500
001 UCM8171
003 CL-VaPUC
008 030124e19830000VE |||||||||||||||||spa|d
082 0 4 |a 324.9  |b SIS  |2 21 
245 1 0 |a Sistema político y campañas electorales 
300 |a 274 p 
942 |c BK 
945 |d 20030124 00:00:00  |a cmena 
260 |a Caracas  |b Conciencia 21  |c 1983 
650 0 |a Campañas electorales  |9 464493 
650 7 |a COMPORTAMIENTO POLITICO  |2 CL-VaPUC  |9 335468 
650 0 |a Educación cívica  |9 314665 
650 7 |a SISTEMAS POLITICOS  |2 CL-VaPUC  |9 474112 
651 0 |a Venezuela  |9 254993 
583 |a last modification  |c 20160307 12:42:05  |k Rodrigo Vera 
999 |c 302750  |d 302748 
952 |0 0  |1 0  |4 0  |6 324_900000000000000_SIS_1983  |7 0  |8 A  |9 363476  |a BIBHIS  |b BIBHIS  |d 2019-11-21  |i 3879267  |o 324.9 SIS 1983  |p 3879267  |r 2025-01-20  |w 2019-11-21  |y BK  |k HIS